[Event "Turkish Cup 2022"]
[Site "Sakarya"]
[Date "2022.03.30"]
[Round "8.21"]
[White "Kurtyilmaz, Kuzey"]
[Black "Akin, Kadir"]
[Result "0-1"]
[WhiteElo "1394"]
[BlackElo "1964"]
[Annotator "ChessBase"]
[PlyCount "98"]
[EventDate "2022.03.25"]
[EventType "swiss"]
[EventCountry "TUR"]
[SourceTitle "playchess.com"]
[Source "ChessBase"]
[SourceQuality "1"]
[TimeControl "5400+30"]

1. e4 {[%emt 0:01:00]} d5 {[%emt 0:11:00]} 2. exd5 {[%emt 0:00:30]} Qxd5 {[%emt 0:00:00]} 3. Nc3 {[%emt 0:00:30]} Qd6 {[%emt 0:00:00]} 4. d4 {[%emt 0:00:00]} Nf6 {[%emt 0:00:30]} 5. Nf3 {[%emt 0:00:00]} Bg4 {[%emt 0:00:30]} 6. h3 {[%emt 0:00:30]} Bxf3 {[%emt 0:00:30]} 7. Qxf3 {[%emt 0:00:30]} c6 {[%emt 0:00:00]} 8. Be3 {[%emt 0:01:30]} Nbd7 {[%emt 0:00:00]} 9. O-O-O {[%emt 0:00:30]} e6 {[%emt 0:01:30]} 10. g4 {[%emt 0:03:30]} h6 {[%emt 0:02:30]} 11. Bf4 {[%emt 0:04:30]} Qb4 {[%emt 0:04:30]} 12. a3 {[%emt 0:01:30]} Qa5 {[%emt 0:00:30]} 13. Ne4 {[%emt 0:03:30]} Nxe4 {[%emt 0:11:30]} 14. Qxe4 {[%emt 0:00:30]} Be7 {[%emt 0:02:30]} 15. Bd2 {[%emt 0:09:30]} Qb6 {[%emt 0:04:30]} 16. Bc4 {[%emt 0:01:30]} O-O-O {[%emt 0:02:30]} 17. c3 {[%emt 0:04:30]} Nf6 {[%emt 0:05:30]} 18. Qe2 {[%emt 0:00:30]} Bd6 {[%emt 0:01:30]} 19. Rhe1 {[%emt 0:03:30]} Qc7 {[%emt 0:00:00]} 20. Qf3 {[%emt 0:04:30]} Rd7 {[%emt 0:14:00]} 21. h4 {[%emt 0:00:30]} Nd5 {[%emt 0:03:30]} 22. Ba2 {[%emt 0:05:30]} Bf4 {[%emt 0:07:30]} 23. Bxd5 {[%emt 0:02:30]} Bxd2+ {[%emt 0:00:30]} 24. Rxd2 {[%emt 0:00:00]} cxd5 {[%emt 0:00:30]} 25. Re5 {[%emt 0:00:00]} Qc4 {[%emt 0:00:30]} 26. Qe2 {[%emt 0:00:30]} Qa2 {[%emt 0:01:30]} 27. Qd3 {[%emt 0:02:30]} Kb8 {[%emt 0:07:36]} 28. Qb1 {[%emt 0:01:30]} Qb3 {[%emt 0:00:23]} 29. Qc2 {[%emt 0:00:30]} Qb5 {[%emt 0:00:30]} 30. Qd3 {[%emt 0:00:30]} Qa4 {[%emt 0:00:02]} 31. Qc2 {[%emt 0:00:00]} Qa5 {[%emt 0:00:31]} 32. f4 {[%emt 0:01:00]} Rc8 {[%emt 0:00:29]} 33. Qb3 {[%emt 0:00:30]} Qa6 {[%emt 0:00:17]} 34. Rde2 {[%emt 0:00:30]} Qd3 {[%emt 0:00:27]} 35. Qc2 {[%emt 0:01:30]} Qg3 {[%emt 0:00:16]} 36. f5 {[%emt 0:00:30]} Qxg4 {[%emt 0:00:39]} 37. fxe6 {[%emt 0:00:30]} fxe6 {[%emt 0:00:20]} 38. Rxe6 {[%emt 0:00:30]} Qxh4 {[%emt 0:00:36]} 39. Qf5 {[%emt 0:02:30]} g5 {[%emt 0:10:33]} 40. Qe5+ {[%emt 0:00:30]} Rdc7 {[%emt 0:00:07]} 41. Qxd5 {[%emt 0:01:30]} g4 {[%emt 0:02:46]} 42. Qd6 {[%emt 0:04:30]} Qg5+ {[%emt 0:05:13]} 43. Kb1 {[%emt 0:00:00]} Qf5+ {[%emt 0:00:47]} 44. Ka1 {[%emt 0:01:00]} b6 {[%emt 0:00:17]} 45. R2e5 {[%emt 0:02:30]} Qf3 {[%emt 0:00:43]} 46. Rxh6 {[%emt 0:01:30]} g3 {[%emt 0:00:19]} 47. Rhe6 {[%emt 0:00:30]} g2 {[%emt 0:00:41]} 48. Re1 {[%emt 0:00:30]} Qf2 {[%emt 0:00:23]} 49. Qh2 {[%emt 0:00:30]} Rg8 {[%emt 0:01:04]} 0-1

[Event "Turkish Cup 2022"]
[Site "Sakarya"]
[Date "2022.03.30"]
[Round "8.22"]
[White "Gunduz, Umut Erdem"]
[Black "Vursan, Emre Can"]
[Result "1-0"]
[WhiteElo "2258"]
[BlackElo "1741"]
[Annotator "TA"]
[PlyCount "103"]
[EventDate "2022.03.25"]
[EventType "swiss"]
[EventCountry "TUR"]
[SourceTitle "playchess.com"]
[Source "ChessBase"]
[SourceQuality "1"]

{[%evp 14,103,10,23,24,20,23,24,24,24,13,20,16,-63,23,24,27,23,-1,7,44,26,77,67,83,68,75,76,79,76,105,105,140,129,140,131,142,141,140,118,243,143,229,172,240,99,240,58,240,105,242,216,269,225,285,299,294,284,284,284,301,301,295,294,294,306,285,244,327,320,318,321,310,308,770,391,616,624,668,652,706,697,850,804,956,883,1580,1565,2020,2008,1794,1778]} 1. Nf3 f5 2. g3 b6 3. Bg2 Bb7 4. O-O Nf6 5. c4 e6 6. Nc3 Bb4 7. Qb3 Bxc3 8. Qxc3 O-O {A10: English Opening: Unusual Replies for Black.} 9. d3 d6 10. b4 Nbd7 {White has an edge.} 11. Bb2 Qe8 {[#]} 12. e4 $146 ({Predecessor:} 12. Rae1 a5 13. a3 c5 14. b5 Qh5 15. e4 Rae8 16. Nd2 f4 17. Nf3 g5 18. gxf4 gxf4 {0-1 (27) Duer,W (2225)-Goldsworthy,P (2197) Bayern 2018}) 12... fxe4 13. dxe4 (13. Nd2 $11) 13... e5 (13... a5 $15 14. bxa5 Rxa5) 14. Nd2 $11 {[%cal Bf3d2,Bd2b3,Bb3c1,Bc1e2][%mdl 32]} Qg6 {[%cal Rf6e4]} 15. f3 {[%cal Oc4c5]} a5 16. a3 Ra7 (16... h5 {seems wilder.} 17. Bh3 h4 18. Bf5 Qh6 19. g4 Rfe8) 17. Nb3 {[%cal Rb4a5]} a4 (17... Qf7 $11) 18. Nc1 $16 Ba6 19. Ne2 Bb7 20. Bc1 Qf7 21. Be3 Qe7 22. Rac1 c5 23. Rfd1 Rd8 24. Qd2 Ne8 25. Nc3 Bc6 26. f4 {White is more active.} Raa8 {[#]} (26... exf4 $16 27. gxf4 cxb4 28. axb4 Rb8) 27. f5 (27. b5 $1 $18 {[%cal Rb5c6]} Bb7 28. f5) 27... Ndf6 (27... cxb4 $16 28. axb4 Rdc8) 28. Qe2 Qf7 (28... cxb4 $142 29. axb4 Rdc8 30. Bxb6 Qf7) 29. Rd2 (29. b5 $18 Bb7 30. g4) 29... h6 (29... cxb4 $16 {was called for.} 30. axb4 b5) 30. Rcd1 $2 ({Better is} 30. b5 $18 Bb7 31. Rcd1) 30... Rd7 $2 (30... cxb4 $14 31. axb4 b5) 31. g4 (31. b5 $18 {and White stays clearly on top.} Bb7 32. h4) 31... g5 (31... cxb4 $16 32. axb4 b5) 32. Bf3 Qf8 33. Kf2 {[%cal Bg1f2,Bf2e1,Be1d1,Bd1c2,Bc2b2][%mdl 32]} Rg7 34. b5 Bb7 35. Rh1 Kf7 36. Ke1 Ke7 37. h4 Qg8 38. Kd1 Kd7 39. Kc2 Kc7 40. Kb2 Ra7 41. Qd3 Ra8 42. hxg5 {The board is on fire.} hxg5 43. Rdh2 Rh7 $2 (43... Qf7 44. Rh8 Nd7) 44. Rh6 {[#] And now Rxh7+ would win.} Rxh6 (44... Rg7 $142 45. Rh8 Qf7) 45. Rxh6 $18 {[%cal Bh1h6,Bh6g6,Bg6h6,Bh6h5][%mdl 32] White is clearly winning.} Qg7 46. Rg6 Qh7 47. Bxg5 Qh2+ 48. Bd2 Qg3 49. g5 Nh5 50. Ne2 Qh3 51. Rh6 Rd8 52. Rxh5 {Weighted Error Value: White=0.36/Black=0.45} 1-0

[Event "Turkish Cup 2022"]
[Site "Sakarya"]
[Date "2022.03.30"]
[Round "8.24"]
[White "Bacak, Muhammed Kaan"]
[Black "Ercan, Mehmet Fahri"]
[Result "1-0"]
[WhiteElo "2155"]
[BlackElo "1775"]
[Annotator "ChessBase"]
[PlyCount "147"]
[EventDate "2022.03.25"]
[EventType "swiss"]
[EventCountry "TUR"]
[SourceTitle "playchess.com"]
[Source "ChessBase"]
[SourceQuality "1"]
[TimeControl "5400+30"]

1. Nf3 {[%emt 0:01:00]} Nf6 {[%emt 0:10:00]} 2. g3 {[%emt 0:00:00]} d5 {[%emt 0:01:30]} 3. Bg2 {[%emt 0:00:00]} e6 {[%emt 0:00:00]} 4. c4 {[%emt 0:00:30]} c6 {[%emt 0:01:00]} 5. b3 {[%emt 0:00:30]} Be7 {[%emt 0:00:30]} 6. Bb2 {[%emt 0:00:30]} O-O {[%emt 0:00:30]} 7. O-O {[%emt 0:00:30]} Nbd7 {[%emt 0:00:00]} 8. d3 {[%emt 0:00:00]} Re8 {[%emt 0:01:00]} 9. Nbd2 {[%emt 0:00:00]} b6 {[%emt 0:01:30]} 10. Qc2 {[%emt 0:00:30]} Bb7 {[%emt 0:00:30]} 11. e4 {[%emt 0:02:30]} h6 {[%emt 0:05:30]} 12. Rad1 {[%emt 0:03:30]} Rc8 {[%emt 0:09:30]} 13. e5 {[%emt 0:03:30]} Nh7 {[%emt 0:00:00]} 14. Ne1 {[%emt 0:01:30]} Qc7 {[%emt 0:04:00]} 15. f4 {[%emt 0:00:30]} f5 {[%emt 0:01:30]} 16. exf6 {[%emt 0:04:30]} Bxf6 {[%emt 0:00:30]} 17. Nef3 {[%emt 0:04:30]} e5 {[%emt 0:01:30]} 18. fxe5 {[%emt 0:00:30]} Nxe5 {[%emt 0:00:30]} 19. Nxe5 {[%emt 0:01:30]} Bxe5 {[%emt 0:00:00]} 20. d4 {[%emt 0:00:30]} Bf6 {[%emt 0:01:00]} 21. Qf5 {[%emt 0:06:30]} Rcd8 {[%emt 0:01:30]} 22. cxd5 {[%emt 0:00:30]} cxd5 {[%emt 0:00:30]} 23. Rfe1 {[%emt 0:09:30]} Qd6 {[%emt 0:05:30]} 24. Nf3 {[%emt 0:05:30]} Ng5 {[%emt 0:04:30]} 25. Nxg5 {[%emt 0:00:30]} Bxg5 {[%emt 0:00:30]} 26. Bc1 {[%emt 0:02:30]} Bf6 {[%emt 0:04:30]} 27. Rxe8+ {[%emt 0:03:30]} Rxe8 {[%emt 0:00:00]} 28. Bf4 {[%emt 0:00:30]} Qe6 {[%emt 0:06:00]} 29. Qxe6+ {[%emt 0:03:30]} Rxe6 {[%emt 0:00:30]} 30. Kf2 {[%emt 0:00:00]} Kf7 {[%emt 0:01:30]} 31. h4 {[%emt 0:01:00]} g5 {[%emt 0:00:30]} 32. hxg5 {[%emt 0:00:30]} hxg5 {[%emt 0:00:30]} 33. Be3 {[%emt 0:00:30]} Kg6 {[%emt 0:04:30]} 34. Rc1 {[%emt 0:01:30]} Re7 {[%emt 0:00:30]} 35. b4 {[%emt 0:02:30]} g4 {[%emt 0:00:30]} 36. Rc2 {[%emt 0:00:30]} Bg5 {[%emt 0:01:30]} 37. Bxg5 {[%emt 0:00:30]} Kxg5 {[%emt 0:00:30]} 38. b5 {[%emt 0:04:30]} Rf7+ {[%emt 0:01:30]} 39. Ke3 {[%emt 0:00:30]} Re7+ {[%emt 0:00:30]} 40. Kd3 {[%emt 0:00:00]} a6 {[%emt 0:01:30]} 41. a4 {[%emt 0:00:00]} a5 {[%emt 0:00:00]} 42. Rc1 {[%emt 0:15:30]} Kg6 {[%emt 0:06:00]} 43. Bf1 {[%emt 0:03:30]} Rh7 {[%emt 0:09:28]} 44. Ke3 {[%emt 0:02:30]} Kg5 {[%emt 0:00:44]} 45. Bd3 {[%emt 0:01:33]} Rf7 {[%emt 0:01:44]} 46. Be2 {[%emt 0:00:43]} Rh7 {[%emt 0:00:22]} 47. Kd2 {[%emt 0:01:09]} Re7 {[%emt 0:00:57]} 48. Rc3 {[%emt 0:00:33]} Kf5 {[%emt 0:00:50]} 49. Bd3+ {[%emt 0:01:01]} Kg5 {[%emt 0:00:03]} 50. Rc1 {[%emt 0:00:00]} Rf7 {[%emt 0:05:21]} 51. Be2 {[%emt 0:02:10]} Re7 {[%emt 0:00:52]} 52. Rc3 {[%emt 0:00:30]} Kf5 {[%emt 0:00:00]} 53. Bd1 {[%emt 0:00:00]} Kg5 {[%emt 0:01:02]} 54. Bc2 {[%emt 0:00:35]} Rf7 {[%emt 0:00:33]} 55. Bd1 {[%emt 0:03:16]} Re7 {[%emt 0:00:20]} 56. Be2 {[%emt 0:03:04]} Kf5 {[%emt 0:00:21]} 57. Kd3 {[%emt 0:00:28]} Kg5 {[%emt 0:00:13]} 58. Rc1 {[%emt 0:01:06]} Rh7 {[%emt 0:01:13]} 59. Kd2 {[%emt 0:00:19]} Re7 {[%emt 0:00:00]} 60. Bd3 {[%emt 0:03:38]} Rf7 {[%emt 0:00:38]} 61. Re1 {[%emt 0:03:25]} Rf2+ {[%emt 0:00:38]} 62. Kc3 {[%emt 0:00:24]} Kf6 {[%emt 0:02:14]} 63. Re8 {[%emt 0:00:32]} Kg7 {[%emt 0:01:10]} 64. Re7+ {[%emt 0:00:35]} Rf7 {[%emt 0:00:04]} 65. Rxf7+ {[%emt 0:00:30]} Kxf7 {[%emt 0:00:30]} 66. Bf5 {[%emt 0:00:00]} Kf6 {[%emt 0:00:43]} 67. Bxg4 {[%emt 0:00:00]} Kg5 {[%emt 0:00:40]} 68. Bd7 {[%emt 0:00:23]} Kh5 {[%emt 0:00:30]} 69. Kd2 {[%emt 0:00:30]} Kg5 {[%emt 0:00:30]} 70. Ke3 {[%emt 0:00:00]} Kf6 {[%emt 0:01:42]} 71. Kf4 {[%emt 0:00:35]} Ke7 {[%emt 0:00:14]} 72. Bf5 {[%emt 0:00:00]} Kf6 {[%emt 0:05:56]} 73. g4 {[%emt 0:00:00]} Ke7 {[%emt 0:00:35]} 74. Ke5 {[%emt 0:00:02]} 1-0

[Event "Turkish Cup 2022"]
[Site "Sakarya"]
[Date "2022.03.30"]
[Round "8.25"]
[White "Lale, Omer Faruk"]
[Black "Kul, Ozdemir Efe"]
[Result "1/2-1/2"]
[WhiteElo "1771"]
[BlackElo "2042"]
[Annotator "ChessBase"]
[PlyCount "127"]
[EventDate "2022.03.25"]
[EventType "swiss"]
[EventCountry "TUR"]
[SourceTitle "playchess.com"]
[Source "ChessBase"]
[SourceQuality "1"]
[TimeControl "5400+30"]

1. e4 {[%emt 0:01:00]} g6 {[%emt 0:03:00]} 2. d4 {[%emt 0:00:30]} Bg7 {[%emt 0:00:00]} 3. Bc4 {[%emt 0:00:30]} d6 {[%emt 0:02:00]} 4. Be3 {[%emt 0:02:30]} a6 {[%emt 0:01:30]} 5. f4 {[%emt 0:13:30]} Nf6 {[%emt 0:02:30]} 6. Qf3 {[%emt 0:14:30]} Bg4 {[%emt 0:18:30]} 7. Qg3 {[%emt 0:01:30]} h5 {[%emt 0:03:30]} 8. Nc3 {[%emt 0:04:30]} h4 {[%emt 0:06:30]} 9. Qf2 {[%emt 0:00:30]} h3 {[%emt 0:03:30]} 10. e5 {[%emt 0:02:30]} Ng8 {[%emt 0:03:30]} 11. Nf3 {[%emt 0:01:30]} hxg2 {[%emt 0:04:30]} 12. Qxg2 {[%emt 0:00:30]} Nh6 {[%emt 0:08:30]} 13. O-O-O {[%emt 0:13:30]} c6 {[%emt 0:04:30]} 14. d5 {[%emt 0:05:30]} b5 {[%emt 0:05:30]} 15. Be2 {[%emt 0:01:30]} b4 {[%emt 0:04:30]} 16. Ne4 {[%emt 0:03:30]} cxd5 {[%emt 0:01:30]} 17. Rxd5 {[%emt 0:01:30]} Be6 {[%emt 0:00:00]} 18. Rdd1 {[%emt 0:06:30]} Qa5 {[%emt 0:00:00]} 19. Nfg5 {[%emt 0:01:30]} Bxa2 {[%emt 0:03:30]} 20. Nxd6+ {[%emt 0:04:48]} exd6 {[%emt 0:00:30]} 21. Qxa8 {[%emt 0:00:30]} O-O {[%emt 0:00:30]} 22. Rxd6 {[%emt 0:10:03]} Nf5 {[%emt 0:00:30]} 23. Bb6 {[%emt 0:00:30]} Qa4 {[%emt 0:00:30]} 24. Rd8 {[%emt 0:01:47]} Nd7 {[%emt 0:11:20]} 25. Rxf8+ {[%emt 0:01:15]} Bxf8 {[%emt 0:00:48]} 26. Qxa6 {[%emt 0:02:07]} Qxa6 {[%emt 0:03:31]} 27. Bxa6 {[%emt 0:00:06]} Bd5 {[%emt 0:00:00]} 28. Rd1 {[%emt 0:03:22]} Nxb6 {[%emt 0:00:00]} 29. c4 {[%emt 0:02:02]} Bxc4 {[%emt 0:03:14]} 30. Bxc4 {[%emt 0:00:40]} Nxc4 {[%emt 0:00:30]} 31. Rd7 {[%emt 0:00:00]} Be7 {[%emt 0:00:39]} 32. h4 {[%emt 0:00:16]} Nb6 {[%emt 0:00:49]} 33. Rb7 {[%emt 0:00:41]} Nd5 {[%emt 0:00:09]} 34. e6 {[%emt 0:00:22]} f6 {[%emt 0:02:51]} 35. Ne4 {[%emt 0:00:08]} Nxf4 {[%emt 0:00:25]} 36. Ng3 {[%emt 0:00:40]} Nxg3 {[%emt 0:03:45]} 37. Rxe7 {[%emt 0:00:10]} Nf5 {[%emt 0:00:19]} 38. Rb7 {[%emt 0:00:17]} Nd5 {[%emt 0:00:00]} 39. Kd2 {[%emt 0:01:26]} Nfe7 {[%emt 0:00:55]} 40. Kd3 {[%emt 0:00:19]} f5 {[%emt 0:00:24]} 41. Kd4 {[%emt 0:00:21]} f4 {[%emt 0:00:20]} 42. b3 {[%emt 0:02:13]} Kg7 {[%emt 0:00:06]} 43. Ke5 {[%emt 0:00:02]} Kh6 {[%emt 0:00:35]} 44. Ra7 {[%emt 0:00:35]} Kh5 {[%emt 0:00:32]} 45. Ra1 {[%emt 0:00:36]} Kxh4 {[%emt 0:00:12]} 46. Rh1+ {[%emt 0:00:17]} Kg3 {[%emt 0:01:28]} 47. Rg1+ {[%emt 0:00:56]} Kf2 {[%emt 0:00:09]} 48. Rd1 {[%emt 0:00:01]} Ne3 {[%emt 0:02:21]} 49. Rd7 {[%emt 0:00:27]} N3f5 {[%emt 0:00:00]} 50. Kxf4 {[%emt 0:00:32]} Ke2 {[%emt 0:00:05]} 51. Kg5 {[%emt 0:00:16]} Ke3 {[%emt 0:00:38]} 52. Kf6 {[%emt 0:00:17]} Nc6 {[%emt 0:00:25]} 53. Kxg6 {[%emt 0:00:45]} Ke4 {[%emt 0:00:11]} 54. Rc7 {[%emt 0:01:07]} Ke5 {[%emt 0:00:30]} 55. Kf7 {[%emt 0:00:30]} Nd8+ {[%emt 0:00:30]} 56. Ke8 {[%emt 0:00:30]} Nxe6 {[%emt 0:00:30]} 57. Ra7 {[%emt 0:00:30]} Nd6+ {[%emt 0:00:30]} 58. Kd7 {[%emt 0:00:12]} Kd5 {[%emt 0:00:00]} 59. Ra5+ {[%emt 0:01:03]} Nc5+ {[%emt 0:00:08]} 60. Kc7 {[%emt 0:00:02]} Kd4 {[%emt 0:01:55]} 61. Kc6 {[%emt 0:00:34]} Nde4 {[%emt 0:00:45]} 62. Rb5 {[%emt 0:00:29]} Kc3 {[%emt 0:00:55]} 63. Rxb4 {[%emt 0:00:07]} Kxb4 {[%emt 0:00:00]} 64. Kd5 {[%emt 0:00:08]} 1/2-1/2

[Event "Turkish Cup 2022"]
[Site "Sakarya"]
[Date "2022.03.30"]
[Round "8.26"]
[White "Sahin, Huseyin"]
[Black "Gulden, Egemen"]
[Result "0-1"]
[WhiteElo "1788"]
[BlackElo "2094"]
[Annotator "TA"]
[PlyCount "36"]
[EventDate "2022.03.25"]
[EventType "swiss"]
[EventCountry "TUR"]
[SourceTitle "playchess.com"]
[Source "ChessBase"]
[SourceQuality "1"]

{[%evp 20,36,-93,-60,-49,-368,-363,-403,-419,-400,-404,-29975,-29980,-7023,-3426,-29991,-29991,-29996,-29997]} 1. e4 d6 2. d4 Nf6 3. Nc3 e5 4. Nf3 {[%cal Bg1f3,Bf3g5,Bg5e6][%mdl 32]} Nbd7 5. Bc4 Be7 6. Bxf7+ Kxf7 7. Ng5+ Kg8 8. Ne6 Qe8 9. Nxc7 Qg6 10. Nxa8 {10.Nxa8 is better than 10.0-0.} Qxg2 11. Rf1 {[#] Be3 is the strong threat.} exd4 {[%cal Be5d4,Bd4c3,Bc3b2][%mdl 32] C41: Philidor Defence.} 12. Qe2 $2 {[%mdl 8192]} dxc3 $19 13. Qc4+ d5 {Black is winning.} 14. Qxc8+ {[#]} Kf7 $1 {The board is on fire.} 15. Qxh8 (15. Qxc3 $19 Qxe4+ 16. Kd1 Rxa8 17. f3) 15... Qxe4+ 16. Be3 cxb2 17. Kd2 {[#]} Qb4+ $146 ({Predecessor:} 17... Bb4+ 18. c3 Ne5 {0-1 (18) Schnegg,A (2014)-Ceschia,I (2260) Austria 2015}) 18. Ke2 Qc4+ {White did not feel at home in the position after the opening.  Weighted Error Value: White=1.93/Black=0.00 (flawless)} 0-1

[Event "Turkish Cup 2022"]
[Site "Sakarya"]
[Date "2022.03.30"]
[Round "8.27"]
[White "Ulku, Ahmet"]
[Black "Baltaci, Ismail Tarik"]
[Result "0-1"]
[WhiteElo "1284"]
[BlackElo "2033"]
[Annotator "TA"]
[PlyCount "130"]
[EventDate "2022.03.25"]
[EventType "swiss"]
[EventCountry "TUR"]
[SourceTitle "playchess.com"]
[Source "ChessBase"]
[SourceQuality "1"]

{[%evp 15,129,24,27,15,292,-35,-16,-37,-28,-35,-12,-12,-18,-15,-14,-12,-17,-30,-20,-54,-51,-69,-42,-161,-181,-88,-92,-91,-87,-99,-92,-89,-87,-95,-93,-108,-98,-105,-85,-89,-95,-100,-95,-143,-124,-233,-243,-242,-239,-232,-239,-229,-246,-239,-252,-454,-468,-468,-459,-432,-444,-401,-244,-237,-86,-430,-339,-560,-550,-541,-518,-487,-429,-632,-574,-644,-687,-1370,-1148,-4929,-4529,-29979,-29980,-29980,-29981,-29982,-29983,-29983,-29984,-29986,-29987,-29987,-29987,-29990,-29990,-29990,-29991,-29991,-29992,-29993,-29992,-29992,-29993,-29993,-29993,-29994,-29995,-29997,-29997,-29997,-29997,-29997,-29997,-29998,-29999,-29999]} 1. e4 {Blatny,P} c5 2. Nf3 g6 3. c3 d5 4. exd5 Qxd5 5. d4 cxd4 6. cxd4 Bg7 7. Nc3 Qd8 8. Bc4 Nf6 9. Qa4+ {B22: Sicilian: 2 c3.} Nbd7 $2 {[%mdl 8192] [#]} (9... Bd7 $1 $11 {and Black stays safe.} 10. Qb3 e6) 10. Qb3 $146 (10. Bxf7+ $1 $18 {[%mdl 512]} Kxf7 11. Ng5+ Ke8 12. Qb3 (12. Ne6 Qb6 $18)) ({Predecessor:} 10. Bxf7+ Kxf7 11. Ng5+ Ke8 12. Ne6 Qb6 13. Qc4 Nh5 14. Nb5 Nf8 15. Nbc7+ Kd7 16. d5 Nxe6 17. dxe6+ {1-0 (26) Gomez Baillo,J (2420)-Spangenberg,H (2490) Argentina 1995 CBM 049 [Blatny,P]}) 10... O-O $15 11. Ng5 {[%cal Rc4f7] The position is equal.} e6 12. Bxe6 Qe7 {[%mdl 64] Threatens to win with ...Nb6. Pin} 13. O-O $1 fxe6 14. Nxe6 Qf7 15. Nxf8 Bxf8 16. Qxf7+ Kxf7 17. Bf4 Nb6 18. Nb5 Nbd5 (18... Nfd5 $5 {[%cal Rd5f4]} 19. Be5 Bf5 $15) 19. Bd6 (19. Bg3 $15) 19... Bd7 $19 20. Nc7 Nxc7 21. Bxc7 Nd5 22. Rac1 Bh6 {[%mdl 1024] Black has strong compensation.} 23. Rc5 Bc6 $36 {[%mdl 2048] Black is on the roll. Black is more active.} 24. Be5 Re8 25. f4 Bf8 26. Rcc1 Ke6 27. Rfe1 Kf5 28. h3 h5 {[%cal Bh7h5,Bh5h4][%mdl 32] To avoid g4+} (28... Nxf4 $2 29. g4+ Ke6 30. Bxf4+ $18) 29. Rc2 ({Better is} 29. g3) 29... h4 $17 ({But not} 29... Nxf4 30. Rf1 Rxe5 31. dxe5 Kxe5 32. Rxf4 $1 Kxf4 33. Rf2+ Kg3 34. Rxf8 $16) 30. Kf2 {[#]} (30. Rf2 $17) 30... Bh6 $1 $19 ({Don't play} 30... Nxf4 31. Bxf4 Rxe1 32. Kxe1 $18) 31. Rc5 Bxf4 32. Bxf4 Rxe1 33. Kxe1 Kxf4 34. Kf2 Ne3 {Prevents Rc2.} 35. b4 $2 (35. Re5 Nd1+ 36. Kg1) 35... Bxg2 36. Re5 Be4 37. Re7 Nf5 38. Rd7 Bc6 39. Rd8 Ne7 $2 {Prevents d5.} (39... Ke4 $19 {And now ...Bd5 would win.} 40. Rg8 Bd5 41. Rxg6 Bxa2 42. Rg4+ Kd5) 40. Rh8 $2 {[%mdl 8192]} (40. d5 $17 Bb5 41. Rh8) 40... g5 41. Rh7 $2 (41. b5 Bd5 42. Rf8+ Nf5 43. a4) 41... Nf5 42. b5 Bd5 43. Rd7 Ke4 44. Rh7 (44. a4 $142 Nxd4 45. Kg1) 44... Nxd4 45. Rg7 Ne6 46. Rg8 Bxa2 {aiming for ...Nf4.} 47. Ra8 Nf4 48. Rxa7 Nxh3+ {Black mates.} 49. Kg2 Nf4+ 50. Kh2 Bd5 51. Ra4+ Kf5 52. b6 g4 53. Ra3 g3+ 54. Kg1 Ne2+ 55. Kf1 g2+ 56. Kxe2 g1=Q 57. Ra5 Ke5 58. Kd2 h3 59. Ra8 h2 60. Re8+ Kd4 61. Re4+ Kxe4 62. Kc3 Qc1+ 63. Kb4 Qb2+ 64. Ka4 Bc6+ 65. Ka5 Qa3# {Weighted Error Value: White=0.78/Black=0.26 (precise)} 0-1

[Event "Turkish Cup 2022"]
[Site "Sakarya"]
[Date "2022.03.30"]
[Round "8.28"]
[White "Gulsoy, Mustafa Alpago"]
[Black "Gursu, Sungur"]
[Result "1-0"]
[WhiteElo "2023"]
[BlackElo "1562"]
[Annotator "TA"]
[PlyCount "93"]
[EventDate "2022.03.25"]
[EventType "swiss"]
[EventCountry "TUR"]
[SourceTitle "playchess.com"]
[Source "ChessBase"]
[SourceQuality "1"]

{[%evp 14,93,6,3,6,8,30,25,30,23,54,42,50,37,43,22,37,15,150,69,125,129,142,112,253,282,295,284,420,420,440,453,468,381,344,288,391,382,704,704,691,703,693,694,685,678,588,594,594,594,594,594,489,281,272,183,179,129,168,158,215,187,166,181,162,123,399,383,435,433,418,416,615,632,627,622,581,567,525,490,488,450]} 1. e4 {CB} e6 2. d4 d5 3. e5 c5 4. c3 Nc6 5. Nf3 Qb6 6. Na3 {[%cal Bb1a3,Ba3c2,Bc2e3][%mdl 32]} cxd4 7. cxd4 Bd7 8. Nc2 Rc8 {C02: French: Advance Variation.} 9. Be2 Nb4 10. Ne3 Ne7 {White has an edge.} 11. O-O {[#]} Ng6 $146 ({Predecessor:} 11... Nf5 12. Nxf5 exf5 13. Qb3 Be7 14. Bg5 Nc2 15. Qxb6 axb6 16. Bxe7 Kxe7 17. Rac1 Rc7 {0-1 (33) Shirov,A (2712)-Svane,R (2542) Germany 2015 CBM 170 [CB]}) 12. g3 {Prevents Nf4.} Bb5 13. Bd2 Nc6 14. Rc1 Be7 15. h4 O-O {[#]} (15... Bxe2 $11 16. Qxe2 Nf8) 16. h5 (16. Bxb5 $1 $16 Qxb5 17. h5) 16... Nh8 (16... Bxe2 $1 $14 17. Qxe2 Nh8) 17. Bxb5 $16 Qxb5 18. h6 g6 {[#]} (18... gxh6 $16 19. Ng4 h5 20. Nf6+ (20. Nh6+ Kg7 $14) 20... Bxf6 21. exf6 Qd3) 19. Ng4 $1 $18 f5 20. exf6 $1 Bxf6 (20... Bd6 $142 21. Ng5 Nf7 22. Nxe6 Rfe8) 21. Bg5 Bxg5 22. Nxg5 Rce8 23. Qd2 {Black must now prevent Rfe1.} Qb6 24. Rc5 {And now Re1 would win.} Rf5 25. Re1 e5 $2 (25... Qd8) 26. Rxd5 Nf7 27. Nxf7 Rxf7 28. dxe5 Qb4 29. Qxb4 Nxb4 30. Rb5 Nc6 31. e6 Kf8 32. Re3 Nd4 {[%cal Bc6d4,Bd4e6,Be6c7,Bc7e8,Be8f6][%mdl 32]} 33. Rd5 (33. exf7 $142 {[%csl Ge3][%cal Rf7e8]} Rxe3 34. Rd5 (34. Nxe3 Nxb5 35. g4 g5 $16) 34... Nf3+ 35. Kg2) 33... Nxe6 34. Rde5 Nc7 35. Rxe8+ Nxe8 {[%mdl 4096] Endgame KRN-KRN} 36. Ne5 Rf5 (36... Rc7 $16 37. Rf3+ Kg8) 37. g4 Rf4 38. Kg2 g5 39. f3 Nf6 $2 {[%mdl 8192]} (39... Ra4 $16 {keeps fighting.}) 40. Rb3 b6 41. Ra3 {Prevents Ra4.} a5 42. Rb3 Rb4 (42... Ke7 $142 43. Rxb6 Nd5) 43. Rxb4 {White is clearly winning.} axb4 44. f4 gxf4 45. Kf3 Nd5 46. Ke4 Ne3 47. Kxf4 {Weighted Error Value: White=0.20 (precise) /Black=0.42} 1-0